000
00287nam a22001217a 4500
008
181017b xxu||||| |||| 00| 0 eng d
041
_a
eng
080
_a
331.101
100
_a
52
101
_a
BNJ
245
_a
The Life and Behavior of Living Organisms
_c
Jaques,E
942
_2
udc
_c
BK
999
_c
50044
_d
50044